Vladimír Iľjič Lenin : stručný životopis.
Uložené v:
| Médium: | Kniha |
|---|---|
| Jazyk: | Czech |
| Vydané: |
Praha :
Svoboda,
1950.
|
| Vydanie: | 1. vyd. |
| Edícia: | Velká knihovna marxismu-leninismu
sv. 19 |
| ISBN: |
(brož.) |
| Fyzický popis: |
261 s. |
| Tagy: |
Pridať tag
Žiadne tagy, Buďte prvý kto otaguje tento záznam!
|
Titul je dostupný aj v ... 

MARC
| LEADER | 00000nam a2200000 a 4500 | ||
|---|---|---|---|
| 001 | 000171829 | ||
| 005 | 20090828164800.0 | ||
| 008 | 040101s1950 xr e cze d | ||
| 020 | |a (brož.) | ||
| 040 | |a SVKKK |b slo |c SVKKK |e AACR2 | ||
| 041 | 0 | |a cze | |
| 044 | |a xr |c CZ | ||
| 245 | 0 | 0 | |a Vladimír Iľjič Lenin : |b stručný životopis. |
| 250 | |a 1. vyd. | ||
| 260 | |a Praha : |b Svoboda, |c 1950. | ||
| 300 | |a 261 s. | ||
| 490 | 1 | |a Velká knihovna marxismu-leninismu |v sv. 19 | |
| 830 | 0 | |a Velká knihovna marxismu-leninismu |v sv. 19 | |
| 910 | |a svkkk | ||
| 998 | |a BK | ||
| 090 | |g SCKHL |k Sklad Pribinova 2. posch. |a II.119806 |j 274071 |i 171829-10 |s Prezenčne | ||